<?xml version="1.0" encoding="UTF-8"?>
<record
    xmlns:xsi="http://www.w3.org/2001/XMLSchema-instance"
    xsi:schemaLocation="http://www.loc.gov/MARC21/slim http://www.loc.gov/standards/marcxml/schema/MARC21slim.xsd"
    xmlns="http://www.loc.gov/MARC21/slim">

  <leader>00655nam a22001577a 4500</leader>
  <controlfield tag="003">OSt</controlfield>
  <controlfield tag="005">20151117135102.0</controlfield>
  <controlfield tag="008">151117b        xxu||||| |||| 00| 0 eng d</controlfield>
  <datafield tag="040" ind1=" " ind2=" ">
    <subfield code="c">RUA</subfield>
  </datafield>
  <datafield tag="082" ind1=" " ind2=" ">
    <subfield code="a">FIS &#x17A0;&#x17BD;&#x178F; 1990 B144 Or.1</subfield>
  </datafield>
  <datafield tag="100" ind1=" " ind2=" ">
    <subfield code="9">3777</subfield>
    <subfield code="a">&#x17A0;&#x17BD;&#x178F; &#x1781;&#x17C0;&#x179C;</subfield>
  </datafield>
  <datafield tag="245" ind1=" " ind2=" ">
    <subfield code="a">&#x1782;&#x17C6;&#x179A;&#x17C4;&#x1784;&#x1792;&#x17D2;&#x179C;&#x17BE;&#x17A2;&#x17C4;&#x1799;&#x1794;&#x17D2;&#x179A;&#x179F;&#x17BE;&#x179A;&#x1793;&#x17BC;&#x179C;&#x179B;&#x1780;&#x17D2;&#x1781;&#x1781;&#x17D0;&#x17C6;&#x17D2;&#x178C;&#x1785;&#x179A;&#x17B6;&#x1785;&#x179A;&#x1793;&#x17C3;&#x1787;&#x179B;&#x1799;&#x17B6;&#x1793;&#x1793;&#x17C5;&#x1791;&#x1793;&#x17D2;&#x179B;&#x17C1;&#x1798;&#x17C1;&#x1782;&#x1784;&#x17D2;&#x1782;&#x1780;&#x17D2;&#x179A;&#x17C4;&#x1798;&#x1785;&#x17B6;&#x1794;&#x17CB;&#x1796;&#x17B8;&#x1797;&#x17BC;&#x1798;&#x17B7;&#x1792;&#x17D2;&#x1798;&#x17B6;&#x179A;&#x1782;&#x179A;&#x179A;&#x17A0;&#x17BC;&#x178F;&#x178A;&#x179B;&#x17CB;&#x1797;&#x17BC;&#x1798;&#x17B7;&#x1780;&#x17C4;&#x17C7;&#x178F;&#x17BC;&#x1785;</subfield>
  </datafield>
  <datafield tag="260" ind1=" " ind2=" ">
    <subfield code="a">Phnom Penh</subfield>
    <subfield code="b">RUA</subfield>
    <subfield code="c">1990</subfield>
  </datafield>
  <datafield tag="300" ind1=" " ind2=" ">
    <subfield code="a">146p.</subfield>
    <subfield code="b">ill.</subfield>
    <subfield code="c">29cm.</subfield>
  </datafield>
  <datafield tag="942" ind1=" " ind2=" ">
    <subfield code="2">ddc</subfield>
    <subfield code="c">FIS</subfield>
  </datafield>
  <datafield tag="999" ind1=" " ind2=" ">
    <subfield code="c">3514</subfield>
    <subfield code="d">3514</subfield>
  </datafield>
  <datafield tag="952" ind1=" " ind2=" ">
    <subfield code="0">0</subfield>
    <subfield code="1">0</subfield>
    <subfield code="2">ddc</subfield>
    <subfield code="4">0</subfield>
    <subfield code="6">FIS_&#x17A0;&#x17BD;&#x178F;_1990_000000000000000_B144_OR_1</subfield>
    <subfield code="7">0</subfield>
    <subfield code="9">16893</subfield>
    <subfield code="a">LBB</subfield>
    <subfield code="b">LBB</subfield>
    <subfield code="c">B144</subfield>
    <subfield code="d">2015-11-17</subfield>
    <subfield code="o">FIS &#x17A0;&#x17BD;&#x178F; 1990 B144 Or.1</subfield>
    <subfield code="p">RUA021008</subfield>
    <subfield code="r">2015-11-17</subfield>
    <subfield code="w">2015-11-17</subfield>
    <subfield code="y">FIS</subfield>
  </datafield>
</record>
